[Event "XXXII Memorial Edoardo Crespi A"]
[Site "Milano ITA"]
[Date "2011.12.08"]
[Round "7"]
[White "Vezzosi, Paolo"]
[Black "Quaranta, Cristiano"]
[Result "1-0"]
[WhiteElo "2321"]
[BlackElo "2118"]
[PlyCount "59"]
[EventDate "2011.12.03"]

1. d4 Nf6 2. c4 c5 3. d5 b5 4. cxb5 a6 5. b6 Qxb6 6. Nc3 g6 7. Nf3 Bg7 8. e4 d6
9. Nd2 Nbd7 10. a4 O-O 11. a5 Qd8 12. Nc4 Ne8 13. Be2 Nc7 14. Be3 Nb5 15. Qd2
Nd4 16. Ra3 Rb8 17. O-O Ne5 18. Nxe5 Nxe2+ 19. Qxe2 Bxe5 20. f4 Bg7 21. f5 Rb4
22. Bg5 h6 23. Bc1 gxf5 24. exf5 e6 25. f6 Bxf6 26. Ne4 Bd4+ 27. Kh1 f5 28.
Rg3+ Kh7 29. Qh5 Rf6 30. Bg5 1-0

[Event "XXXII Memorial Edoardo Crespi A"]
[Site "Milano ITA"]
[Date "2011.12.08"]
[Round "7"]
[White "Vinzoni, Andrea"]
[Black "Giretti Kanev, Jasen"]
[WhiteElo "2097"]
[BlackElo "2199"]
[Result "0-1"]
[PlyCount "38"]
[EventDate "2011.12.03"]

1. d4 Nf6 2. c4 e6 3. Nc3 Bb4 4. e3 O-O 5. Bd3 d5 6. Nf3 Nbd7 7. O-O c5 8. a3
Bxc3 9. bxc3 Qa5 10. Qc2 Nb6 11. cxd5 c4 12. Be2 exd5 13. Nd2 Re8 14. Bf3 g6
15. e4 Na4 16. exd5 Bf5 17. Nxc4 Qb5 18. Qa2 Nxc3 19. a4 Qb4 0-1

[Event "XXXII Memorial Edoardo Crespi A"]
[Site "Milano ITA"]
[Date "2011.12.09"]
[Round "8"]
[White "Agrifoglio, Fabio"]
[Black "Gonella, Daniele"]
[Result "0-1"]
[WhiteElo "2019"]
[BlackElo "2103"]
[PlyCount "96"]
[EventDate "2011.12.03"]

1. d4 d5 2. c4 e6 3. Nc3 Nf6 4. Bg5 Be7 5. cxd5 exd5 6. e3 c6 7. Qc2 O-O 8. Bd3
h6 9. Bh4 Re8 10. Nge2 Ne4 11. Bg3 Nxg3 12. Nxg3 Nd7 13. O-O Nf6 14. Nf5 Bxf5
15. Bxf5 Bd6 16. a3 g6 17. Bxg6 fxg6 18. Qxg6+ Kf8 19. Qxh6+ Kf7 20. f4 Rh8 21.
Qg5 Qe7 22. Rf3 Rh5 23. Qg3 Rg8 24. Qe1 Qe6 25. Rg3 Rxg3 26. Qxg3 Qg4 27. Qxg4
Nxg4 28. e4 dxe4 29. Nxe4 Rd5 30. h3 Nf6 31. Ng5+ Kg6 32. Ne6 Nh5 33. Rf1 Ng3
34. Re1 Nf5 35. Re4 Nxd4 36. g4 Nxe6 37. Rxe6+ Kf7 38. Rh6 Bf8 39. Rh7+ Bg7 40.
f5 Kg8 41. Rh5 Bxb2 42. Kg2 c5 43. Rh6 c4 44. Rg6+ Kf7 45. Re6 c3 46. g5 Rxf5
47. Re2 Rxg5+ 48. Kf1 Bxa3 0-1

[Event "XXXII Memorial Edoardo Crespi A"]
[Site "Milano ITA"]
[Date "2011.12.09"]
[Round "8"]
[White "Basso, Pier Luigi"]
[Black "Attuati, Stefano"]
[Result "0-1"]
[WhiteElo "2070"]
[BlackElo "2006"]
[PlyCount "66"]
[EventDate "2011.12.03"]

1. e4 e6 2. d3 d5 3. Nd2 c5 4. Ngf3 Nc6 5. g3 Bd6 6. Bg2 Nge7 7. O-O Qc7 8. c3
Bd7 9. Re1 O-O 10. Nh4 f6 11. exd5 exd5 12. Qh5 Ne5 13. h3 g5 14. f4 Nxd3 15.
Rxe7 Bxe7 16. Bxd5+ Kg7 17. Ng2 Be8 18. Qe2 Nxc1 19. Rxc1 Bf7 20. Ne3 Qd7 21.
c4 Rae8 22. Bxf7 Rxf7 23. g4 Kh8 24. Rf1 Bd6 25. fxg5 Rfe7 26. Qf2 Rxe3 27.
Qxf6+ Kg8 28. g6 Rg3+ 29. Kf2 Rf8 30. Ne4 Be5 31. gxh7+ Qxh7 32. Qxf8+ Kxf8 33.
Nxg3 Qxh3 0-1

[Event "XXXII Memorial Edoardo Crespi A"]
[Site "Milano ITA"]
[Date "2011.12.09"]
[Round "8"]
[White "Bellia, Fabrizio"]
[Black "Doric, Darko"]
[WhiteElo "2418"]
[BlackElo "2504"]
[Result "1/2-1/2"]
[PlyCount "64"]
[EventDate "2011.12.03"]

1. e4 c5 2. Nf3 d6 3. d4 cxd4 4. Nxd4 Nf6 5. Nc3 Nc6 6. Bg5 e6 7. Qd2 a6 8.
O-O-O h6 9. Nxc6 bxc6 10. Bf4 d5 11. Qe3 Bb4 12. Be2 O-O 13. e5 Nh7 14. h4 Qa5
15. Rh3 Bc5 16. Qg3 Kh8 17. Kb1 Ra7 18. Be3 Bxe3 19. Qxe3 c5 20. Qd2 f5 21. Ne4
Qxd2 22. Nxd2 Bd7 23. Ra3 c4 24. Ra5 g5 25. Nf3 Rb8 26. Rh1 Kg7 27. Nd4 gxh4
28. f4 Nf8 29. Bh5 Rab7 30. b3 cxb3 31. axb3 Rb4 32. c3 Ra4 1/2-1/2

[Event "XXXII Memorial Edoardo Crespi A"]
[Site "Milano ITA"]
[Date "2011.12.09"]
[Round "8"]
[White "Bemporad, Filippo"]
[Black "Montani, Francesco"]
[Result "1-0"]
[WhiteElo "2070"]
[BlackElo "2245"]
[PlyCount "63"]
[EventDate "2011.12.03"]

1. d4 d5 2. Nf3 Nf6 3. g3 Bf5 4. Bg2 e6 5. O-O Bd6 6. c4 c6 7. Nc3 Nbd7 8. Nd2
O-O 9. e4 dxe4 10. Ndxe4 Nxe4 11. Nxe4 Bxe4 12. Bxe4 Nf6 13. Bg2 Qc7 14. Bg5
Be7 15. Qe2 Rad8 16. Rfd1 Rfe8 17. Rac1 Qa5 18. Be3 a6 19. a3 Qf5 20. Bf4 h5
21. Qc2 Qa5 22. b4 Qb6 23. Be5 Ng4 24. Qe2 g6 25. Rb1 Rd7 26. d5 exd5 27. cxd5
cxd5 28. Bd4 Qe6 29. Qd2 Rc8 30. Bh3 f5 31. Bxg4 hxg4 32. Qh6 1-0

[Event "XXXII Memorial Edoardo Crespi A"]
[Site "Milano ITA"]
[Date "2011.12.09"]
[Round "8"]
[White "Berni, Fabrizio"]
[Black "Cani, Gazmir"]
[WhiteElo "2146"]
[BlackElo "2174"]
[Result "0-1"]
[PlyCount "90"]
[EventDate "2011.12.03"]

1. e4 c5 2. Nc3 d6 3. f4 e6 4. Nf3 Nc6 5. g3 Nge7 6. Bg2 g6 7. d4 cxd4 8. Nxd4
a6 9. Be3 Bg7 10. Nb3 O-O 11. O-O Qc7 12. Qd2 b5 13. Rad1 Rd8 14. Qf2 Rb8 15.
Rd2 Na5 16. Nxa5 Qxa5 17. e5 d5 18. Bc5 Nc6 19. Bd6 b4 20. Ne2 Bf8 21. Bxf8
Rxf8 22. Nc1 Qb6 23. Nb3 Qxf2+ 24. Rfxf2 a5 25. Nc5 Rd8 26. Bf1 Bd7 27. Rf3 Be8
28. Rff2 Na7 29. Nb3 a4 30. Nd4 Rdc8 31. Bd3 Rc5 32. Kf1 Rbc8 33. Ke1 Kg7 34.
h4 Bb5 35. Bxb5 Nxb5 36. Nxb5 Rxb5 37. Rd4 f6 38. exf6+ Kxf6 39. Kd1 a3 40.
bxa3 bxa3 41. Rf3 Rb2 42. Rxa3 Rcxc2 43. Rad3 Rg2 44. Kc1 Rxa2 45. Kb1 Rae2 0-1

[Event "XXXII Memorial Edoardo Crespi A"]
[Site "Milano ITA"]
[Date "2011.12.09"]
[Round "8"]
[White "Brunello, Marina"]
[Black "Cacciola, Alfredo"]
[WhiteElo "2221"]
[BlackElo "2080"]
[Result "1-0"]
[PlyCount "81"]
[EventDate "2011.12.03"]

1. e4 c5 2. c3 d5 3. exd5 Qxd5 4. d4 Nf6 5. Nf3 Bg4 6. Be2 e6 7. O-O Nc6 8. h3
Bh5 9. Be3 cxd4 10. cxd4 Be7 11. Nc3 Qd6 12. Qb3 O-O 13. Rfd1 Rfd8 14. Rac1
Rac8 15. a3 Qb8 16. Rd2 Bg6 17. Rdd1 Bh5 18. Qa2 Nd5 19. Ne4 Nf4 20. Nc3 Nxe2+
21. Nxe2 Bxf3 22. gxf3 Bf6 23. Kg2 Qd6 24. Qb3 Rd7 25. Ng3 Rcd8 26. Ne4 Qe7 27.
d5 Rxd5 28. Nxf6+ gxf6 29. Rg1 Ne5 30. Bxa7 Kh8 31. Bb6 Rg8+ 32. Kh1 Rxg1+ 33.
Rxg1 Ng6 34. Qc4 Qd6 35. Be3 Rh5 36. Rg3 Kg7 37. b4 Qe5 38. Qc8 b5 39. Kh2 Qa1
40. f4 h6 41. Bc5 1-0

[Event "XXXII Memorial Edoardo Crespi A"]
[Site "Milano ITA"]
[Date "2011.12.09"]
[Round "8"]
[White "Brunello, Roberta"]
[Black "Vezzosi, Paolo"]
[Result "0-1"]
[WhiteElo "1969"]
[BlackElo "2321"]
[PlyCount "78"]
[EventDate "2011.12.03"]

1. e4 c5 2. c3 Nf6 3. e5 Nd5 4. d4 cxd4 5. Nf3 e6 6. cxd4 d6 7. Bc4 Nc6 8. O-O
Be7 9. exd6 Qxd6 10. Re1 O-O 11. Nc3 Nxc3 12. bxc3 b6 13. Ng5 Bb7 14. Qg4 Na5
15. Nxe6 fxe6 16. Rxe6 Nxc4 17. Rxd6 Nxd6 18. Ba3 Rf7 19. Re1 Bf8 20. f3 Bd5
21. Re5 Bxa2 22. d5 Nc4 23. Re2 Bxa3 24. Rxa2 Bc5+ 25. Kh1 Re8 26. Ra1 Ne3 27.
Qh5 g6 28. Qh4 Nxd5 29. Qc4 Ne3 30. Qb3 a5 31. g3 g5 32. h4 Kg7 33. Qb5 Re5 34.
f4 gxf4 35. gxf4 Rh5 36. Qe8 Rxh4+ 37. Kg1 Nd5+ 38. Kg2 Nxf4+ 39. Kg3 Rh3+ 0-1

[Event "XXXII Memorial Edoardo Crespi A"]
[Site "Milano ITA"]
[Date "2011.12.09"]
[Round "8"]
[White "Cazzaniga, Walter"]
[Black "Sardo, Gabriele"]
[Result "0-1"]
[WhiteElo "2118"]
[BlackElo "2218"]
[PlyCount "58"]
[EventDate "2011.12.03"]

1. d4 e6 2. c4 b6 3. Nf3 Bb7 4. g3 f5 5. Bg2 Nf6 6. Nc3 Bb4 7. Bd2 O-O 8. O-O
Be7 9. Qc2 c5 10. d5 exd5 11. Nh4 Ne4 12. Nxf5 Bg5 13. Nxe4 dxe4 14. Nd6 Bc6
15. Nxe4 Bxd2 16. Qxd2 Qe7 17. Nc3 Bxg2 18. Kxg2 Nc6 19. Rad1 Rf7 20. b3 Re8
21. Nb5 Qxe2 22. Qd5 Nb4 23. Qd6 Qf3+ 24. Kg1 Re2 25. Rd2 Re6 26. Qb8+ Rf8 27.
Qxa7 Nd3 28. Qxd7 Nf4 29. Qxe6+ Nxe6 0-1

[Event "XXXII Memorial Edoardo Crespi A"]
[Site "Milano ITA"]
[Date "2011.12.09"]
[Round "8"]
[White "Di Lascio, Savino"]
[Black "Astengo, Marcello"]
[Result "0-1"]
[WhiteElo "2015"]
[BlackElo "2048"]
[PlyCount "80"]
[EventDate "2011.12.03"]

1. e4 e6 2. Nf3 d5 3. e5 c5 4. g3 Ne7 5. Bg2 Nec6 6. O-O Nd7 7. Qe2 g6 8. d3
Bg7 9. Bf4 O-O 10. Re1 Qb6 11. c3 a6 12. h4 h6 13. Qd2 Kh7 14. d4 c4 15. h5 Qd8
16. hxg6+ fxg6 17. Na3 Ne7 18. Nc2 Nf5 19. Ne3 g5 20. Bxg5 hxg5 21. Nxd5 Bh6
22. g4 exd5 23. Qc2 Nb6 24. e6 Qf6 25. e7 Re8 26. Bh3 Bd7 27. gxf5 g4 28. Bxg4
Rg8 29. Ne5 Bxf5 30. Qe2 Rae8 31. f3 Rxe7 32. Qh2 Nd7 33. Kh1 Bxg4 34. fxg4
Nxe5 35. dxe5 Qf3+ 36. Qg2 Qxg4 37. Qxg4 Rxg4 38. Rad1 Bf4 39. Rxd5 Kg6 40.
Rd6+ Kg5 0-1

[Event "XXXII Memorial Edoardo Crespi A"]
[Site "Milano ITA"]
[Date "2011.12.09"]
[Round "8"]
[White "Drazic, Sinisa"]
[Black "Martinez, Rolly"]
[WhiteElo "2537"]
[BlackElo "2420"]
[Result "1-0"]
[PlyCount "49"]
[EventDate "2011.12.03"]

1. d4 Nf6 2. Nf3 e6 3. c4 b6 4. a3 Bb7 5. Nc3 d5 6. Bg5 Be7 7. Qa4+ c6 8. Bxf6
Bxf6 9. cxd5 exd5 10. g3 O-O 11. Bg2 Re8 12. Rd1 Bc8 13. O-O Bf5 14. Ne5 b5 15.
Qb3 Bxe5 16. dxe5 Qb6 17. e4 dxe4 18. Nxe4 Rxe5 19. Qe3 Nd7 20. Qf4 f6 21. g4
Bxe4 22. Rxd7 Rae8 23. Rfd1 h5 24. R1d6 Bxg2 25. Rxg7+ 1-0

[Event "XXXII Memorial Edoardo Crespi A"]
[Site "Milano ITA"]
[Date "2011.12.09"]
[Round "8"]
[White "Giretti Kanev, Jasen"]
[Black "Anurag, Mhamal"]
[WhiteElo "2199"]
[BlackElo "2222"]
[Result "1-0"]
[PlyCount "109"]
[EventDate "2011.12.03"]

1. d4 d5 2. Nf3 Nf6 3. c4 c6 4. cxd5 cxd5 5. Nc3 Nc6 6. Bf4 g6 7. e3 a6 8. Ne5
Bg7 9. Qa4 Qb6 10. Bb5 O-O 11. Nxc6 bxc6 12. Bxc6 Bb7 13. Bxb7 Qxb2 14. Rb1
Qxc3+ 15. Ke2 Rac8 16. Bxc8 Ne4 17. Rhd1 Qxc8 18. Rbc1 Nc3+ 19. Rxc3 Qxc3 20.
Qxa6 Rc8 21. Qd3 Qa5 22. Qb3 Rc3 23. Qb8+ Bf8 24. Rd2 Qa6+ 25. Kf3 h5 26. h3 f6
27. Qe8 g5 28. Qg6+ Bg7 29. Bxg5 Qe6 30. Qe8+ Bf8 31. Qg6+ Bg7 32. Bf4 Qf7 33.
Qxf7+ Kxf7 34. Rb2 Ra3 35. Ke2 e5 36. Bg3 exd4 37. exd4 f5 38. Be5 Bxe5 39.
dxe5 f4 40. Rb6 Rxa2+ 41. Kf3 Ke7 42. Rf6 Rb2 43. Rd6 Rd2 44. h4 d4 45. Rf6 Ra2
46. Rxf4 Ra3+ 47. Ke4 d3 48. Ke3 Ke6 49. Rb4 Ra2 50. Rb6+ Kf5 51. Kxd3 Kg4 52.
e6 Ra5 53. e7 Rd5+ 54. Ke4 Rd1 55. Re6 1-0

[Event "XXXII Memorial Edoardo Crespi A"]
[Site "Milano ITA"]
[Date "2011.12.09"]
[Round "8"]
[White "Gongalov, Bojan"]
[Black "Formento, Paolo"]
[Result "1-0"]
[WhiteElo "2084"]
[BlackElo "2133"]
[PlyCount "40"]
[EventDate "2011.12.03"]

1. Nf3 Nf6 2. g3 c5 3. Bg2 g6 4. O-O d5 5. d4 cxd4 6. Nxd4 e5 7. Nb3 h6 8. c4
dxc4 9. Qxd8+ Kxd8 10. Na5 Kc7 11. Nc3 Nc6 12. Nxc4 Nd7 13. f4 Bc5+ 14. Kh1 f5
15. e4 Bd4 16. Nb5+ Kb8 17. fxe5 Ndxe5 18. Nxd4 Nxc4 19. Bf4+ N4e5 20. exf5 Rd8
1-0

[Event "XXXII Memorial Edoardo Crespi A"]
[Site "Milano ITA"]
[Date "2011.12.09"]
[Round "8"]
[White "Gori, Andrea"]
[Black "Thakur, Akash"]
[WhiteElo "2087"]
[BlackElo "2324"]
[Result "0-1"]
[PlyCount "48"]
[EventDate "2011.12.03"]

1. e4 e5 2. Nf3 Nc6 3. Bb5 a6 4. Ba4 Nf6 5. O-O Be7 6. Bxc6 dxc6 7. d3 Nd7 8.
Nbd2 f6 9. Nc4 O-O 10. b3 Nc5 11. Bb2 Bg4 12. h3 Bh5 13. Ne3 Ne6 14. Nf5 Ng5
15. Kh2 Bxf3 16. gxf3 g6 17. Nh6+ Kg7 18. Ng4 h5 19. h4 hxg4 20. hxg5 Rh8+ 21.
Kg2 Qd7 22. Rg1 Qe6 23. gxf6+ Qxf6 24. fxg4 Rh2+ 0-1

[Event "XXXII Memorial Edoardo Crespi A"]
[Site "Milano ITA"]
[Date "2011.12.09"]
[Round "8"]
[White "Miracola, Massimiliano"]
[Black "Stella, Andrea"]
[WhiteElo "2007"]
[BlackElo "2448"]
[Result "1-0"]
[PlyCount "73"]
[EventDate "2011.12.03"]

1. e4 c5 2. Nf3 d6 3. d4 cxd4 4. Nxd4 Nf6 5. Nc3 a6 6. Be3 Ng4 7. Bc1 Nf6 8.
Be3 e6 9. f3 b5 10. Qd2 Nbd7 11. g4 Nb6 12. a4 Nc4 13. Bxc4 bxc4 14. a5 Bb7 15.
Na4 d5 16. g5 Nd7 17. O-O-O dxe4 18. fxe4 Be7 19. Rhe1 Rc8 20. Kb1 c3 21. Nxc3
Nc5 22. Nb3 Nxe4 23. Nxe4 Bxe4 24. Qxd8+ Bxd8 25. Rxd8+ Rxd8 26. Bb6 Bg6 27.
Bxd8 Kxd8 28. Nc5 Ke7 29. Rd1 Rc8 30. b4 f6 31. Rd7+ Kf8 32. Nxe6+ Ke8 33. Rc7
Rb8 34. Nxg7+ Kf8 35. Ne6+ Ke8 36. gxf6 Rxb4+ 37. Kc1 1-0

[Event "XXXII Memorial Edoardo Crespi A"]
[Site "Milano ITA"]
[Date "2011.12.09"]
[Round "8"]
[White "Moroni, Luca jr"]
[Black "Iudicello, Giovanni"]
[Result "1/2-1/2"]
[WhiteElo "2030"]
[BlackElo "2188"]
[PlyCount "94"]
[EventDate "2011.12.03"]

1. e4 e5 2. Nf3 Nc6 3. d4 exd4 4. Bc4 Bc5 5. c3 Nf6 6. e5 d5 7. Bb5 Ne4 8. cxd4
Bb6 9. Nc3 O-O 10. O-O Bg4 11. Bxc6 bxc6 12. Re1 Nxc3 13. bxc3 f6 14. Ba3 Re8
15. h3 Bf5 16. Qa4 Qd7 17. exf6 gxf6 18. Rxe8+ Rxe8 19. Re1 Be4 20. Nd2 Bd3 21.
Rxe8+ Qxe8 22. Qb4 Kf7 23. Nf3 a5 24. Qb2 Qe2 25. Qxe2 Bxe2 26. Nd2 a4 27. Bb4
Ke6 28. f3 Ba7 29. Kf2 Bd3 30. Ke3 Bc2 31. a3 Bb6 32. Nf1 Ba7 33. Kf4 Bb6 34.
Ne3 Bd3 35. g4 Ba7 36. h4 c5 37. Bxc5 Bb8 38. Kg3 c6+ 39. f4 Bc7 40. g5 Be2 41.
Ng4 fxg5 42. hxg5 Kf5 43. Ne5 Bxe5 44. dxe5 Bh5 45. Bd4 Bd1 46. Kh4 Be2 47. Kg3
Bh5 1/2-1/2

[Event "XXXII Memorial Edoardo Crespi A"]
[Site "Milano ITA"]
[Date "2011.12.09"]
[Round "8"]
[White "Quaranta, Cristiano"]
[Black "Bonanno, Alessandro"]
[Result "1-0"]
[WhiteElo "2118"]
[BlackElo "2132"]
[PlyCount "41"]
[EventDate "2011.12.03"]

1. d4 Nf6 2. Bg5 g6 3. Bxf6 exf6 4. c4 Bg7 5. Nc3 d6 6. e3 O-O 7. Nge2 f5 8. g3
Re8 9. Bg2 c6 10. O-O Nd7 11. b4 Nf6 12. b5 Bd7 13. Rb1 Ne4 14. Qc2 Qe7 15.
bxc6 bxc6 16. Rb7 d5 17. cxd5 cxd5 18. Nxe4 fxe4 19. Qc7 Bb5 20. Qxe7 Rxe7 21.
Rxb5 1-0

[Event "XXXII Memorial Edoardo Crespi A"]
[Site "Milano ITA"]
[Date "2011.12.09"]
[Round "8"]
[White "Salmoiraghi, Angelo"]
[Black "Astengo, Corrado"]
[Result "1/2-1/2"]
[WhiteElo "2174"]
[BlackElo "2095"]
[PlyCount "56"]
[EventDate "2011.12.03"]

1. c4 c6 2. g3 d5 3. Bg2 Nf6 4. Nf3 Bf5 5. cxd5 cxd5 6. Qb3 Qc8 7. Nc3 e6 8. d3
Nc6 9. O-O Be7 10. Bf4 O-O 11. Rac1 Qd7 12. e4 dxe4 13. dxe4 Nxe4 14. Rfd1 Qc8
15. Nxe4 Bxe4 16. Ne5 Bxg2 17. Kxg2 Rd8 18. Rxd8+ Bxd8 19. Qf3 Bf6 20. Nxc6
bxc6 21. Rxc6 Qe8 22. b4 Bd4 23. b5 e5 24. Be3 Rd8 25. Qe2 Qd7 26. Bg5 f6 27.
Bc1 Qd5+ 28. f3 Bb6 1/2-1/2

[Event "XXXII Memorial Edoardo Crespi A"]
[Site "Milano ITA"]
[Date "2011.12.09"]
[Round "8"]
[White "Salvador, Roland"]
[Black "Bove, Alessandro"]
[WhiteElo "2500"]
[BlackElo "2369"]
[Result "1/2-1/2"]
[PlyCount "67"]
[EventDate "2011.12.03"]

1. d4 Nf6 2. Nf3 e6 3. c4 d5 4. Nc3 dxc4 5. e4 Bb4 6. Bg5 b5 7. a4 c6 8. e5 h6
9. exf6 hxg5 10. fxg7 Rg8 11. Ne5 Rxg7 12. Be2 Bb7 13. Bf3 Qb6 14. O-O Na6 15.
axb5 cxb5 16. Nxb5 Qxb5 17. Bxb7 Qxb7 18. Qa4+ Kf8 19. Qxa6 Qxa6 20. Rxa6 c3
21. b3 f6 22. Nc6 Rb7 23. Rc1 Rc8 24. Kf1 Ke8 25. Nxb4 Rxb4 26. Rxe6+ Kf7 27.
Ra6 Rc7 28. d5 Rxb3 29. d6 Rd7 30. Rc6 Ke6 31. R1xc3 Rxc3 32. Rxc3 Rxd6 33. Ra3
a6 34. g4 1/2-1/2

[Event "XXXII Memorial Edoardo Crespi A"]
[Site "Milano ITA"]
[Date "2011.12.09"]
[Round "8"]
[White "Sedlak, Nikola"]
[Black "Valsecchi, Alessio"]
[WhiteElo "2592"]
[BlackElo "2376"]
[Result "1/2-1/2"]
[PlyCount "142"]
[EventDate "2011.12.03"]

1. d4 Nf6 2. c4 g6 3. Nc3 d5 4. e3 Bg7 5. cxd5 Nxd5 6. Nxd5 Qxd5 7. Ne2 O-O 8.
Nc3 Qa5 9. Bd2 c6 10. Rc1 Nd7 11. Be2 Qd8 12. O-O Nb6 13. Ne4 Nd5 14. Nc5 e5
15. e4 Nc7 16. dxe5 Bxe5 17. Be3 Ne6 18. Bc4 Bxb2 19. Rb1 Be5 20. Bxe6 Bxe6 21.
Nxe6 Qxd1 22. Rfxd1 fxe6 23. Rxb7 Rfd8 24. Rdd7 Rab8 25. Rxb8 Rxb8 26. g3 Rb4
27. Re7 Bd4 28. Bxd4 Rxd4 29. Rxe6 c5 30. Kg2 Kf7 31. Ra6 Rxe4 32. Rxa7+ Kg8
33. Kf3 Re8 34. a4 Re1 35. a5 c4 36. a6 c3 37. Rc7 Ra1 38. Rxc3 Rxa6 39. Rc7
Rf6+ 40. Kg2 g5 41. g4 h6 42. Kg3 Kh8 43. f3 Kg8 44. Kg2 Rf4 45. h4 gxh4 46.
Rc5 Kg7 47. Rh5 Kg6 48. Rxh4 Ra4 49. Rh5 Ra3 50. Kg3 Rb3 51. Rd5 Ra3 52. Kf4
Ra6 53. Ke4 Re6+ 54. Re5 Ra6 55. f4 Ra4+ 56. Kf3 Ra6 57. Rd5 Kf6 58. Kg3 Ra3+
59. Kh4 Ra1 60. Rd6+ Kg7 61. f5 Rh1+ 62. Kg3 Rg1+ 63. Kf4 Rf1+ 64. Ke5 Re1+ 65.
Kd5 Rd1+ 66. Ke6 Rxd6+ 67. Kxd6 Kf6 68. Kd7 h5 69. gxh5 Kxf5 70. h6 Kg6 71. h7
Kxh7 1/2-1/2

[Event "XXXII Memorial Edoardo Crespi A"]
[Site "Milano ITA"]
[Date "2011.12.09"]
[Round "8"]
[White "Shishkin, Vadim"]
[Black "Lazic, Miroljub"]
[WhiteElo "2449"]
[BlackElo "2459"]
[Result "1-0"]
[PlyCount "109"]
[EventDate "2011.12.03"]

1. d4 d5 2. c4 c6 3. Nc3 Nf6 4. Nf3 e6 5. Bg5 h6 6. Bh4 dxc4 7. e4 g5 8. Bg3 b5
9. Be2 Bb7 10. Qc2 Nbd7 11. Rd1 Qb6 12. h4 g4 13. Ne5 Nxe5 14. Bxe5 Be7 15.
Bxg4 Rg8 16. Bf3 O-O-O 17. Qe2 a6 18. O-O h5 19. Bxh5 Nxh5 20. Qxh5 f6 21. Bf4
Rg7 22. Ne2 Rdg8 23. Bg3 c5 24. d5 e5 25. f4 c3 26. bxc3 c4+ 27. Kh2 Qe3 28.
Qf3 exf4 29. Qxf4 Qxf4 30. Rxf4 Bd6 31. Rf3 Rg4 32. Kh3 Kc7 33. Bxd6+ Kxd6 34.
Rxf6+ Ke7 35. e5 Rxg2 36. d6+ Ke8 37. d7+ Ke7 38. Rd2 b4 39. cxb4 c3 40. d8=Q+
Rxd8 41. Rxd8 Rxe2 42. Rg8 Rxe5 43. Rb6 Re3+ 44. Kg4 Kf7 45. Rh8 Kg7 46. Rd8
Re4+ 47. Kf5 Re7 48. Rd1 Bc8+ 49. Kf4 Rc7 50. Rg1+ Kh7 51. Rc1 Rc4+ 52. Ke5 c2
53. Kd5 Rc3 54. Kd4 Rc7 55. Rf6 1-0

[Event "XXXII Memorial Edoardo Crespi A"]
[Site "Milano ITA"]
[Date "2011.12.09"]
[Round "8"]
[White "Solodovnichenko, Yuri"]
[Black "David, Alberto"]
[WhiteElo "2629"]
[BlackElo "2597"]
[Result "0-1"]
[PlyCount "108"]
[EventDate "2011.12.03"]

1. e4 c5 2. Nf3 d6 3. d4 cxd4 4. Nxd4 Nf6 5. Nc3 a6 6. Bg5 e6 7. f4 h6 8. Bh4
Qb6 9. Qd3 Qxb2 10. Rb1 Qa3 11. f5 Be7 12. fxe6 fxe6 13. Be2 O-O 14. O-O Nc6
15. Nxc6 bxc6 16. Nd5 Qxd3 17. Nxe7+ Kf7 18. Bxd3 Kxe7 19. e5 dxe5 20. Rb6 Kd6
21. Be4 Bd7 22. Rb7 Nd5 23. Re1 Rfb8 24. Rb3 Rxb3 25. axb3 a5 26. c4 Nf4 27.
Bf3 Rb8 28. Rd1+ Kc7 29. Be1 Rxb3 30. Bxa5+ Kc8 31. Ra1 g5 32. Bd1 Rb2 33. g3
Nh3+ 34. Kf1 e4 35. Bc3 Rf2+ 36. Ke1 Rxh2 37. Ra8+ Kb7 38. Rd8 Bc8 39. Bd4 e5
40. Bxe5 Nf2 41. Be2 Bg4 42. Rb8+ Ka7 43. Rb2 c5 44. Bf1 e3 45. Rb3 Nd1 46. Bd6
e2 47. Bxc5+ Ka8 48. Bxe2 Rxe2+ 49. Kf1 Rc2 50. Rb6 Rxc4 51. Bf8 Rc2 52. Rf6
Ne3+ 53. Kg1 Rc1+ 54. Kh2 Bc8 0-1

[Event "XXXII Memorial Edoardo Crespi A"]
[Site "Milano ITA"]
[Date "2011.12.09"]
[Round "8"]
[White "Tramalloni, Luca"]
[Black "Rota, Giacomo"]
[Result "1-0"]
[WhiteElo "2111"]
[BlackElo "2008"]
[PlyCount "91"]
[EventDate "2011.12.03"]

1. d4 Nf6 2. c4 e6 3. g3 c5 4. d5 exd5 5. cxd5 d6 6. Bg2 Be7 7. Nf3 O-O 8. Nc3
Qa5 9. O-O Nbd7 10. h3 b5 11. Nd2 Bb7 12. a3 Rfe8 13. b4 Qb6 14. Nb3 Rac8 15.
Be3 Ne5 16. Na5 Nfd7 17. Rb1 a6 18. Qd2 Qc7 19. Rfc1 Ba8 20. Ne4 c4 21. Ra1 Nf6
22. Nc3 Rb8 23. a4 Qd7 24. axb5 axb5 25. f4 Ng6 26. Nc6 Bxc6 27. dxc6 Qc8 28.
Ra5 Bd8 29. Rxb5 Rxb5 30. Nxb5 d5 31. Nd6 Qxc6 32. Nxe8 Qxe8 33. Kh2 Ne7 34.
Rb1 Nf5 35. Bc5 Ne4 36. Bxe4 Qxe4 37. Rd1 c3 38. Qd3 Qxd3 39. Rxd3 Bf6 40. Rd1
g5 41. e3 gxf4 42. gxf4 Kg7 43. b5 Ne7 44. Rc1 Nf5 45. b6 d4 46. Bxd4 1-0

[Event "XXXII Memorial Edoardo Crespi A"]
[Site "Milano ITA"]
[Date "2011.12.10"]
[Round "9"]
[White "Andreoni, Giuseppe"]
[Black "Berni, Fabrizio"]
[Result "1-0"]
[WhiteElo "2122"]
[BlackElo "2146"]
[PlyCount "51"]
[EventDate "2011.12.03"]

1. e4 c5 2. Nf3 e6 3. d4 cxd4 4. Nxd4 a6 5. Bd3 Qc7 6. Qe2 d6 7. O-O Nf6 8. Be3
Nc6 9. c4 g6 10. Nc3 Bg7 11. Rad1 O-O 12. Kh1 Re8 13. Bb1 Ne5 14. b3 Neg4 15.
Ndb5 axb5 16. Nxb5 Qe7 17. Bb6 Ra6 18. Bc7 d5 19. e5 dxc4 20. exf6 Nxf6 21. Bd6
Qd7 22. bxc4 e5 23. f3 Rc6 24. Bc2 b6 25. Ba4 Ba6 26. Nc7 1-0

[Event "XXXII Memorial Edoardo Crespi A"]
[Site "Milano ITA"]
[Date "2011.12.10"]
[Round "9"]
[White "Anurag, Mhamal"]
[Black "Cani, Gazmir"]
[WhiteElo "2222"]
[BlackElo "2174"]
[Result "1-0"]
[PlyCount "49"]
[EventDate "2011.12.03"]

1. d4 Nf6 2. g3 g6 3. Bg2 Bg7 4. e4 O-O 5. Ne2 d6 6. O-O Nbd7 7. c4 e5 8. d5
Nc5 9. b4 Na6 10. Qb3 c6 11. Nd2 Nh5 12. Bb2 Bh6 13. Rad1 cxd5 14. exd5 Qb6 15.
a3 Bd7 16. c5 dxc5 17. Nc4 Qd8 18. Nxe5 Bb5 19. Rfe1 cxb4 20. Nd4 Bd7 21. Ne6
fxe6 22. dxe6 Ba4 23. Qxa4 Qb6 24. Bd4 Qxe6 25. Nc6 1-0

[Event "XXXII Memorial Edoardo Crespi A"]
[Site "Milano ITA"]
[Date "2011.12.10"]
[Round "9"]
[White "Astengo, Marcello"]
[Black "Agrifoglio, Fabio"]
[Result "1-0"]
[WhiteElo "2048"]
[BlackElo "2019"]
[PlyCount "75"]
[EventDate "2011.12.03"]

1. d4 d6 2. e4 Nf6 3. Bd3 e5 4. c3 Nc6 5. Ne2 g6 6. O-O Bg7 7. d5 Ne7 8. c4 O-O
9. Nbc3 Nh5 10. Be3 f5 11. f3 c5 12. Qd2 f4 13. Bf2 g5 14. a3 a5 15. b4 b6 16.
bxc5 bxc5 17. Rab1 g4 18. Kh1 Ng6 19. fxg4 Bxg4 20. Ng1 f3 21. g3 Qd7 22. Rb6
Rf6 23. Rfb1 Raf8 24. Bf1 Qf7 25. Qg5 Nxg3+ 26. hxg3 Bc8 27. Bh3 Ne7 28. Bxc8
Rxc8 29. Nh3 Rh6 30. Kh2 Kh8 31. Rb8 Rh5 32. Rxc8+ Nxc8 33. Qd8+ Bf8 34. Qxc8
Kg7 35. Rb7 Be7 36. Rxe7 Rxh3+ 37. Qxh3 Qxe7 38. Qg4+ 1-0

[Event "XXXII Memorial Edoardo Crespi A"]
[Site "Milano ITA"]
[Date "2011.12.10"]
[Round "9"]
[White "Attuati, Stefano"]
[Black "Quaranta, Cristiano"]
[Result "1-0"]
[WhiteElo "2006"]
[BlackElo "2118"]
[PlyCount "89"]
[EventDate "2011.12.03"]

1. e4 Nf6 2. e5 Nd5 3. d4 d6 4. Nf3 dxe5 5. dxe5 Bg4 6. h3 Bxf3 7. Qxf3 e6 8.
c3 Nd7 9. Qg3 c6 10. Nd2 h5 11. Nc4 h4 12. Qh2 N7b6 13. Nd6+ Bxd6 14. exd6 Qd7
15. Bd2 a5 16. a3 Nf6 17. c4 Ne4 18. Be3 Na4 19. Qe5 Nf6 20. Be2 b6 21. b4 Kf8
22. Bf3 Ne8 23. c5 b5 24. O-O Ra6 25. Bd4 f6 26. Qe4 e5 27. Bg4 Qd8 28. Be3 Nc3
29. Qg6 Nd5 30. Be6 Ra7 31. Rad1 Rd7 32. Rxd5 cxd5 33. c6 d4 34. cxd7 Nxd6 35.
Rc1 dxe3 36. Rc8 e2 37. Rxd8+ Ke7 38. Re8+ Nxe8 39. dxe8=Q+ Rxe8 40. Qe4 Kxe6
41. Qxe2 axb4 42. axb4 Rb8 43. Qg4+ Kf7 44. Qxh4 Rd8 45. Qe4 1-0